Essays on education and kindred subjects / (Record no. 60737)
[ view plain ]
| 000 -LEADER | |
|---|---|
| fixed length control field | 00778nam a2200241 a 4500 |
| 001 - CONTROL NUMBER | |
| control field | 60737 |
| 003 - CONTROL NUMBER IDENTIFIER | |
| rucl marc code | BD-RjUL |
| 005 - DATE AND TIME OF LATEST TRANSACTION | |
| control field | 20211209080858.0 |
| 008 - FIXED-LENGTH DATA ELEMENTS--GENERAL INFORMATION | |
| fixed length control field | 170102s1966 enk 000 0 eng d |
| 035 ## - SYSTEM CONTROL NUMBER | |
| System control number | (BD-RjUL)60861 |
| 040 ## - CATALOGING SOURCE | |
| Original cataloging agency | WSU |
| Transcribing agency | WSU |
| Modifying agency | OCL |
| -- | UKM |
| -- | EQO |
| -- | BD-RjUL |
| Language of cataloging | eng |
| 041 ## - LANGUAGE CODE | |
| Language code of text/sound track or separate title | eng |
| 082 04 - DEWEY DECIMAL CLASSIFICATION NUMBER | |
| Classification number | 370.1 |
| Edition number | 23 |
| Author mark and year | SPE 1966 |
| 100 1# - MAIN ENTRY--PERSONAL NAME | |
| Personal name | Spencer, Herbert, |
| Dates associated with a name | 1820-1903. |
| 9 (RLIN) | 180963 |
| 245 10 - TITLE STATEMENT | |
| Title | Essays on education and kindred subjects / |
| Statement of responsibility, etc. | Herbert Spencer ; introduced by Charles W. Eliot |
| 260 ## - PUBLICATION, DISTRIBUTION, ETC. (IMPRINT) | |
| Place of publication, distribution, etc. | London ; |
| -- | New York : |
| Name of publisher, distributor, etc. | Dent ; |
| -- | Dutton, |
| Date of publication, distribution, etc. | 1966 |
| 300 ## - PHYSICAL DESCRIPTION | |
| Pagination | 330 p. ; |
| Size | 19 cm. |
| 490 1# - SERIES STATEMENT | |
| Series statement | Everyman's library ; |
| Volume/sequential designation | no. 504 |
| 650 #0 - SUBJECT ADDED ENTRY--TOPICAL TERM | |
| Topical term or geographic name as entry element | Education. |
| General subdivision | Philosophy |
| 9 (RLIN) | 180964 |
| Topical term or geographic name as entry element | Education |
| 9 (RLIN) | 171727 |
| 830 #0 - SERIES ADDED ENTRY--UNIFORM TITLE | |
| Uniform title | Everyman's library ; |
| Volume number/sequential designation | no. 504. |
| 942 ## - ADDED ENTRY ELEMENTS (KOHA) | |
| Source of classification or shelving scheme | Dewey Decimal Classification |
| Koha item type | Books |
| Lost status | Source of classification or shelving scheme | Damaged status | Not for loan | Collection code | Permanent Location | Current Location | Shelving location | Date acquired | Source of acquisition | Cost, normal purchase price | Total Checkouts | Full call number | Date last seen | Copy number | Koha item type |
|---|---|---|---|---|---|---|---|---|---|---|---|---|---|---|---|
| Dewey Decimal Classification | Not For Loan | Non-fiction | Central Library, University of Rajshahi | Central Library, University of Rajshahi | Reading Room | 26/03/1970 | Zeitlinger | 16.00 | 370.1 SPE 1966 | 02/01/2017 | C-1 | Books |